Suite de l'Histoire universelle / (Record no. 159257)
[ view plain ]
| 000 -LEADER | |
|---|---|
| campo de control de longitud fija | 01045nam a2200253 i 4500 |
| 001 - NÚMERO DE CONTROL | |
| campo de control | 159257 |
| 003 - IDENTIFICADOR DE NÚMERO DE CONTROL | |
| campo de control | ES-MaACL |
| 005 - FECHA Y HORA DE LA ÚLTIMA TRANSACCIÓN | |
| campo de control | 20250815062610.0 |
| 008 - DATOS DE LONGITUD FIJA--INFORMACIÓN GENERAL | |
| campo de control de longitud fija | 990325s1765 fr |||| | fre d |
| 245 00 - MENCIÓN DEL TÍTULO | |
| Título | Suite de l'Histoire universelle / |
| Mención de responsabilidad, etc. | de Monsieur l'Evêque de Meaux ; depuis l'an 800 de Notre-Seigneur, jusqu'à l'an 1700 inclusivement ; seconde partie. |
| 250 ## - MENCION DE EDICION | |
| Mención de edición | Nouvelle edition. |
| 260 ## - PUBLICACIÓN, DISTRIBUCIÓN, ETC. | |
| Lugar de publicación, distribución, etc. | A Paris : |
| Nombre del editor, distribuidor, etc. | chez Germain Durand, |
| Fecha de publicación, distribución, etc. | 1765 ( |
| Fabricante | De l'Imprimerie de Quillau) |
| 300 ## - DESCRIPCIÓN FÍSICA | |
| Extensión | [4], 492, [2] p.. ; |
| Dimensiones | 12º. |
| 594 ## - Nota al título y mención de responsabilidad | |
| Nota al título y mención de responsabilidad | Según el Catálogo de la RAH, el autor es Jean Louis Marthonie de Caussade, Obispo de Meaux. |
| 596 ## - NOTA AL PIE DE IMPRENTA | |
| NOTA AL PIE DE IMPRENTA | El segundo impresor consta en el colofón. |
| 597 ## - NOTA DE DESCRIPCIÓN FÍSICA | |
| NOTA DE DESCRIPCIÓN FÍSICA | Sign. : []\p2\s, A-Z\p8/p4\s, 2A-2E\p4/p8\s, 2F\p4\s. |
| 597 ## - NOTA DE DESCRIPCIÓN FÍSICA | |
| NOTA DE DESCRIPCIÓN FÍSICA | Antep. |
| 650 #7 - PUNTO DE ACCESO ADICIONAL DE MATERIA--TÉRMINO DE MATERIA | |
| Término de materia o nombre geográfico como elemento de entrada | Historia universal |
| Fuente del encabezamiento o término | embne |
| 9 (RLIN) | 13429 |
| 700 1# - ENTRADA AGREGADA--NOMBRE PERSONAL | |
| Nombre de persona | Durand, Germain. |
| 9 (RLIN) | 126883 |
| 700 1# - ENTRADA AGREGADA--NOMBRE PERSONAL | |
| Nombre de persona | Quillau, Gabriel-François. |
| 9 (RLIN) | 131521 |
| 752 ## - ENTRADA AGREGADA--NOMBRE JERÁRQUICO DEL LUGAR | |
| País o entidad superior | Francia - |
| Ciudad | París |
| 852 ## - LOCALIZACIÓN | |
| Ubicación | ES-MaACL |
| Número de control de estantería | R-994 |
| Nota libre | - Enc. piel |
| Signatura antigua | - Olim: G-9481 |
| Estatus retirado | Estado de pérdida | Estado de daño | No para préstamo | Colección | Biblioteca de origen | Biblioteca actual | Ubicación en estantería | Fecha de adquisición | Fuente de adquisición | Total de préstamos | Signatura topográfica completa | Código de barras | Visto por última vez | Precio de reemplazo | Tipo de ítem Koha |
|---|---|---|---|---|---|---|---|---|---|---|---|---|---|---|---|
| Libros del s. XVIII | Biblioteca del Ateneo de Madrid | Biblioteca del Ateneo de Madrid | Depósito | 17/01/2008 | R-994 | 1166716 | 23/02/2023 | 23/02/2023 | Libro impreso antiguo |
